000
00329nam a22001457a 4500
003
SGT
082
_a
615.53
_b
S15O
100
_a
OJHA, JHARKHANDE
245
_a
SANDIGADHA DRAVIO KA VAGYANIK ADHAYAYAN
260
_a
DELHI
_b
CHAUKHAMBHA
_c
2015
300
_a
183
650
_a
DRAVYAGUNA
653
_a
DRAVYAGUNA
942
_2
ddc
_c
BK
_0
2
999
_c
8294
_d
8294